000 01045cam a2200277 a 4500
001 3961109
003 GBCCL
005 20241126110422.0
008 940711s1995 enk bd 001 0ceng
010 _a 94029550
020 _a0631173846 (alk. paper)
040 _aDLC
_cDLC
_dDLC
050 0 0 _aBR1640
_b.B53 1995
082 0 0 _a269.2092
_aB
_220
_bBLA
245 0 4 _aThe Blackwell dictionary of evangelical biography :
_b1730-1860 /
_cedited by Donald M. Lewis.
246 3 0 _aDictionary of evangelical biography.
260 _aOxford ;
_aCambridge, Mass. :
_bBlackwell Publishers,
_c1995.
300 _a2 v. ;
_c27 cm.
504 _aIncludes bibliographical references and index.
650 0 _aEvangelicalism
_xDictionaries.
_94498
650 0 _aChristian biography
_xDictionaries.
_94499
700 1 _aLewis, Donald M.
_9990
906 _a7
_bcbc
_corignew
_d1
_eocip
_f19
_gy-gencatlg
942 _2ddc
_cREF
999 _c2198
_d2198